<?xml version="1.0" encoding="UTF-8"?>
<marc:record xmlns:marc="http://www.loc.gov/MARC21/slim">
   <marc:leader>00000nam a2200000 a 4500</marc:leader>
   <marc:datafield ind1="1" ind2=" " tag="100">
      <marc:subfield code="a">Stern, Anne</marc:subfield>
      <marc:subfield code="4">aut</marc:subfield>
      <marc:subfield code="e">Verfasser/-in</marc:subfield>
   </marc:datafield>
   <marc:datafield ind1=" " ind2=" " tag="653">
      <marc:subfield code="a">Historischer Kriminalroman</marc:subfield>
   </marc:datafield>
   <marc:datafield ind1="0" ind2="0" tag="245">
      <marc:subfield code="a">Nacht über der Havel</marc:subfield>
   </marc:datafield>
   <marc:datafield ind1="0" ind2="0" tag="245">
      <marc:subfield code="b">Roman</marc:subfield>
   </marc:datafield>
   <marc:datafield ind1="0" ind2="0" tag="245">
      <marc:subfield code="c">Anne Stern</marc:subfield>
   </marc:datafield>
   <marc:datafield ind1=" " ind2="1" tag="264">
      <marc:subfield code="a">Hamburg</marc:subfield>
      <marc:subfield code="b">ROWOHLT Polaris</marc:subfield>
      <marc:subfield code="c">2024</marc:subfield>
   </marc:datafield>
   <marc:datafield ind1="1" ind2=" " tag="490">
      <marc:subfield code="a">Fräulein Gold</marc:subfield>
      <marc:subfield code="v">7</marc:subfield>
   </marc:datafield>
   <marc:datafield ind1=" " ind2=" " tag="250">
      <marc:subfield code="a">Originalausgabe</marc:subfield>
   </marc:datafield>
   <marc:datafield ind1="1" ind2=" " tag="520">
      <marc:subfield code="a">Berlin, 1930: In der Stadt brodelt es gewaltig. Wirtschaftskrise und politische Instabilität rufen immer radikalere Kräfte auf den Plan. Auch Hulda spürt, dass die vermeintlich goldenen Jahre vorbei sind. Umso engagierter kümmert sie sich als Hebamme um die Belange der Frauen und Mütter. Als sie einer Schwangeren helfen will, stößt sie auf einen mysteriösen Todesfall im Dunstkreis der Familie: Die jüngere Schwester Jutta ist Teil einer Jugendgruppe, die sich nachts an der Havel trifft. Die Jugendlichen singen und feiern zusammen. Doch dann wird am Ufer ein Student tot aufgefunden. Er war der Anführer von Juttas Gruppe &#x96; und ihr heimlicher Schwarm. Aber war sein Tod wirklich ein Unfall bei einem nächtlichen Abenteuer? Bald ahnt Hulda, dass die Zusammenhänge größer sind als angenommen. Eine Jugend ohne Zukunft sucht in unruhigen Zeiten verzweifelt nach Halt. Und ist bereit, einen hohen Preis dafür zu zahlen</marc:subfield>
   </marc:datafield>
   <marc:datafield ind1=" " ind2=" " tag="020">
      <marc:subfield code="a">9783499013409</marc:subfield>
      <marc:subfield code="9">9783499013409</marc:subfield>
   </marc:datafield>
   <marc:datafield ind1=" " ind2=" " tag="020">
      <marc:subfield code="a">3499013401</marc:subfield>
      <marc:subfield code="9">3499013401</marc:subfield>
   </marc:datafield>
   <marc:datafield ind1="3" ind2=" " tag="024">
      <marc:subfield code="a">9783499013409</marc:subfield>
   </marc:datafield>
   <marc:datafield ind1=" " ind2=" " tag="041">
      <marc:subfield code="a">ger</marc:subfield>
   </marc:datafield>
   <marc:datafield ind1=" " ind2=" " tag="300">
      <marc:subfield code="a">446 Seiten, Karte</marc:subfield>
   </marc:datafield>
</marc:record>
